000 00702nam a2200193 a 4500
001 000025746
005 20200930024022.0
008 110221s1964 mx a r 000 0 spa d
040 _aDO-SdBNP
_bspa
_cBNPHU
082 _ann*
_bnn*
100 1 _aAlba, Victor.
_929894
245 1 0 _aParásitos, mitos y sordomudos :
_bensayo sobre la alianza para el progreso y el colonialismo latinoamericano /
_cVictor Alba.
260 _aMéxico, D. F. :
_bCentro de Estudios y Documentación Sociales,
_c1964.
300 _a287 p. :
_bil. ;
_c19 cm.
490 1 _aPanoramas.
_v11
500 _a"Suplemento a la Revista Panoramas n. 11 (septiembre-octubre de 1964)".
830 0 _aPanoramas
_v11
_94746
049 _aBNGR
999 _c25238
_d25238